| 000 | 009470000a22001930004500 | ||
|---|---|---|---|
| 020 | _a958-30-0268-2 | ||
| 041 | 0 | _aSPA | |
| 082 | 0 | 4 | _aG 001 S116c |
| 100 | 1 | _aSabino, Carlos A. | |
| 245 | 1 | 0 | _aCómo hacer una tesis : y elaborar toda clase de trabajos escritos / Carlos A. Sabino |
| 260 | _aSantafé de Bogotá : Panamericana | ||
| 300 | _a296 Pág. | ||
| 505 | 0 | 0 | _aI Parte: Los trabajos científicos -- Diferentes tipos de trabajos científicos -- La estructura de los trabajos científicos -- Presentación y aparato crítico\ II Parte: El proceso de elaboración y redacción -- La elección del tema -- Proyectando la investigación -- De la investigación a la redacción -- La construcción del manuscrito -- La revisión y presentación final -- La tesis como fin y como principio. |
| 001 | 14224 | ||
| 942 | _cBK | ||
| 999 |
_c43121 _d43121 |
||
| 336 |
_atexto _btxt _2rdacontent |
||
| 337 |
_2rdamedia _asin mediación _bn |
||
| 338 |
_2rdacarrier _avolumen _bnc |
||